000 00748nam a2200205Ii 4500
003 JO-AjNU
008 230605s9999||||xx |||||||||||||| ||und||
040 _aJO-AjNU
_bara
_erda
_cJO-AjNU
041 _aara
050 1 4 _aHF5655.A7.A2234 1980
100 3 _aتأليف حافظ، عبداللطيف / م.مشارك: موريس واسيلي، فؤاد العشري,
_eauthor
_937078
245 0 0 _aالنظرية والتطبيق في النظام المحاسبي الموحد
250 _aط4
264 3 1 _aالقاهرة: دار الفكر العربي، 1980
300 _aع 32ص،E 32P
336 _atext
_btxt
_2rdacontent
337 _aunmediated
_bn
_2rdamedia
338 _avolume
_bnc
_2rdacarrier
650 4 _aالمحاسبة
_937079
999 _aA15461
_c19029
_d19029